[Event "Titled Tuesday intern op 14th Jan Early"]
[Site "Chess.com INT"]
[Date "2025.01.14"]
[Round "5"]
[White "Manukyan, Sargis A"]
[Black "Scheftlein, Richard"]
[Result "0-1"]
[WhiteElo "2233"]
[BlackElo "2328"]
[PlyCount "78"]
[EventDate "2025.01.14"]
[EventType "swiss (blitz)"]
[EventRounds "11"]
[EventCountry "USA"]
[SourceTitle "CB04_2025"]
[SourceDate "2025.01.22"]
[SourceVersion "1"]
[SourceVersionDate "2025.01.22"]
[SourceQuality "1"]

1. d4 Nf6 2. c4 e6 3. Nc3 Bb4 4. a3 Bxc3+ 5. bxc3 b6 6. e3 0-0 7. Bd3 Ba6 8. Ne2 Nc6 9. 0-0 Na5 10. e4 Ne8 11. f4 f5 12. exf5 exf5 13. c5 Bxd3 14. Qxd3 g6 15. cxb6 axb6 16. c4 d5 17. cxd5 Qxd5 18. Nc3 Qc4 19. Qf3 Nf6 20. Rd1 Nb3 21. Rb1 Nxd4 22. Qd3 Qxc3 23. Qxd4 Qxd4+ 24. Rxd4 Rfd8 25. Bb2 Rxd4 26. Bxd4 Ne4 27. Be5 c5 28. Rxb6 Rxa3 29. h3 c4 30. Rc6 c3 31. g4 Ra1+ 32. Kg2 Ra2+ 33. Kf3 c2 34. Ke3 Ra3+ 35. Ke2 Rxh3 36. gxf5 Nc3+ 37. Kd2 Rh2+ 38. Kc1 Na2+ 39. Kb2 c1Q+ 0-1

[Event "Titled Tuesday intern op 23rd Jul Early"]
[Site "Chess.com INT"]
[Date "2024.07.23"]
[Round "4"]
[White "Scheftlein, Richard"]
[Black "Rom, Jasper B"]
[Result "1-0"]
[WhiteElo "2322"]
[BlackElo "2178"]
[PlyCount "51"]
[EventDate "2024.07.23"]
[EventType "swiss (blitz)"]
[EventRounds "11"]
[EventCountry "USA"]
[SourceTitle "EXT 2025"]
[Source "ChessBase"]
[SourceDate "2024.10.14"]
[SourceVersion "1"]
[SourceVersionDate "2024.10.14"]
[SourceQuality "1"]

1. Nf3 d5 2. e3 e6 3. c4 Nf6 4. d4 Be7 5. b3 0-0 6. Bb2 Nbd7 7. Nc3 b6 8. Bd3 Bb7 9. 0-0 c5 10. cxd5 Nxd5 11. Nxd5 exd5 12. Rc1 Bf6 13. Ba3 Rc8 14. Bf5 Re8 15. Bxd7 Qxd7 16. dxc5 Be7 17. c6 Bxc6 18. Bxe7 Rxe7 19. Nd4 Bb7 20. Qh5 Rce8 21. Qg5 h6 22. Qg3 Re5 23. h4 Ba6 24. Rfd1 Bb7 25. Rc3 Ba6 26. Rdc1 1-0

[Event "Titled Tuesday intern op 23rd Jul Early"]
[Site "Chess.com INT"]
[Date "2024.07.23"]
[Round "2"]
[White "Scheftlein, Richard"]
[Black "Srivatsan, Karthikeyan"]
[Result "1-0"]
[WhiteElo "2322"]
[BlackElo "1851"]
[PlyCount "73"]
[EventDate "2024.07.23"]
[EventType "swiss (blitz)"]
[EventRounds "11"]
[EventCountry "USA"]
[SourceTitle "EXT 2025"]
[Source "ChessBase"]
[SourceDate "2024.10.14"]
[SourceVersion "1"]
[SourceVersionDate "2024.10.14"]
[SourceQuality "1"]

1. Nf3 Nf6 2. c4 e6 3. d4 d5 4. Nc3 Bb4 5. e3 0-0 6. a3 Bxc3+ 7. bxc3 c5 8. cxd5 exd5 9. Bd3 Nc6 10. 0-0 Bg4 11. h3 Bh5 12. a4 Re8 13. Ba3 cxd4 14. cxd4 Ne4 15. Rc1 Qf6 16. Be2 Rac8 17. g4 Bg6 18. Qb3 Na5 19. Qxd5 Nc3 20. Rxc3 Rxc3 21. Bb4 Rcc8 22. Qxa5 h5 23. Qg5 Qb6 24. Bc5 Qb2 25. gxh5 Be4 26. h6 Bg6 27. hxg7 Qxe2 28. Qh6 Bh7 29. Ng5 Qd3 30. e4 Qxe4 31. Nxe4 Rxe4 32. Bxa7 Rc6 33. Qd2 Rg6+ 34. Kh2 Rh4 35. Rg1 Rgh6 36. Rg3 Bf5 37. Qg5 1-0

[Event "Titled Tuesday intern op 23rd Jul Early"]
[Site "Chess.com INT"]
[Date "2024.07.23"]
[Round "10"]
[White "Volkov, Maksim"]
[Black "Scheftlein, Richard"]
[Result "1-0"]
[WhiteElo "2333"]
[BlackElo "2322"]
[PlyCount "105"]
[EventDate "2024.07.23"]
[EventType "swiss (blitz)"]
[EventRounds "11"]
[EventCountry "USA"]
[SourceTitle "EXT 2025"]
[Source "ChessBase"]
[SourceDate "2024.10.14"]
[SourceVersion "1"]
[SourceVersionDate "2024.10.14"]
[SourceQuality "1"]

1. d4 Nf6 2. c4 e6 3. g3 d5 4. Bg2 Be7 5. Nf3 0-0 6. Nc3 dxc4 7. Ne5 Nc6 8. Bxc6 bxc6 9. Nxc6 Qe8 10. Nxe7+ Qxe7 11. Qa4 c5 12. dxc5 Qxc5 13. Be3 Qh5 14. f3 Nd5 15. Nxd5 Qxd5 16. Kf2 Bd7 17. Qa3 Qb7 18. Rac1 Rfc8 19. Rhd1 a5 20. Qc3 Bb5 21. Rd6 Rc6 22. Rcd1 Rxd6 23. Rxd6 Qe7 24. Qe5 Bd7 25. Bc5 Qe8 26. Bd4 f6 27. Qc5 Qc8 28. Qa3 Kf7 29. Bc3 a4 30. Rd2 Qc6 31. Qb4 Rc8 32. h4 Rc7 33. Kg2 Qb5 34. Qd6 Rb7 35. a3 h5 36. Qf4 Kg6 37. Qe4+ Kf7 38. Bb4 Bc6 39. Qf4 Bd5 40. Qd6 Rd7 41. Qf8+ Kg6 42. Qe8+ Kh6 43. Rd4 Qc6 44. Bd2+ Kh7 45. Qxh5+ Kg8 46. Qe8+ Kh7 47. Be3 c3 48. bxc3 Rc7 49. Qh5+ Kg8 50. Rg4 Bc4 51. Bd4 Bxe2 52. Rg6 Kf7 53. Bxf6 1-0

[Event "BL2-Ost 2324"]
[Site "Germany"]
[Date "2023.10.21"]
[Round "1.3"]
[White "Scheftlein, Richard"]
[Black "Schneider, Jana"]
[Result "1/2-1/2"]
[WhiteElo "2326"]
[BlackElo "2285"]
[PlyCount "127"]
[EventDate "2023.10.21"]
[EventType "team-tourn"]
[EventRounds "10"]
[EventCountry "GER"]
[SourceTitle "EXT 2025"]
[Source "ChessBase"]
[SourceDate "2024.10.14"]
[SourceVersion "1"]
[SourceVersionDate "2024.10.14"]
[SourceQuality "1"]
[WhiteTeam "Erfurt"]
[BlackTeam "Regensburg Bavaria"]
[WhiteTeamCountry "GER"]
[BlackTeamCountry "GER"]

1. d4 Nf6 2. c4 e6 3. Nc3 d5 4. Bg5 Be7 5. e3 h6 6. Bh4 b6 7. Nf3 Bb7 8. Bxf6 Bxf6 9. cxd5 exd5 10. b4 0-0 11. Be2 c5 12. bxc5 bxc5 13. Rb1 Bc8 14. 0-0 Nc6 15. Rb5 cxd4 16. Nxd4 Nxd4 17. exd4 Be6 18. Bg4 a6 19. Rb3 Bxg4 20. Qxg4 Qa5 21. Rd1 Rac8 22. Qf3 Rfd8 23. a3 Rc4 24. Ne2 Bxd4 25. Rbd3 Bb6 26. g3 Rc2 27. Rf1 Rd2 28. Rxd2 Qxd2 29. Nf4 Qa5 30. Rd1 d4 31. Kg2 Bc7 32. Ne2 Be5 33. Rd3 Qc5 34. Qb7 Qc4 35. Qe4 Qd5 36. Qxd5 Rxd5 37. f4 Bd6 38. a4 Bc5 39. Nc3 Rd7 40. Ne4 Ba7 41. f5 Rb7 42. Kf3 Kf8 43. Kf4 Ke7 44. Ke5 Rb4 45. Kd5 Kd7 46. Ra3 Rb6 47. g4 Kc7 48. h4 Rb8 49. g5 Rd8+ 50. Kc4 hxg5 51. Nxg5 Rh8 52. Nxf7 Rf8 53. Ng5 Rxf5 54. Ne6+ Kd6 55. Nxg7 Rc5+ 56. Kd3 Ke5 57. Kd2 Bb6 58. Rg3 Ba5+ 59. Kd1 Ke4 60. Rg5 Rxg5 61. hxg5 Ke5 62. g6 Kf6 63. Nf5 Kxg6 64. Nxd4 1/2-1/2

[Event "GER-ch blitz"]
[Site "Magdeburg"]
[Date "2022.08.21"]
[Round "15"]
[White "Bluebaum, Matthias"]
[Black "Scheftlein, Richard"]
[Result "1-0"]
[WhiteElo "2603"]
[BlackElo "2279"]
[PlyCount "79"]
[EventDate "2022.08.21"]
[EventType "tourn (blitz)"]
[EventRounds "29"]
[EventCountry "GER"]
[EventCategory "5"]
[SourceTitle "CBM 210 Extra"]
[Source "ChessBase"]
[SourceDate "2022.11.30"]
[SourceVersion "1"]
[SourceVersionDate "2022.11.30"]
[SourceQuality "1"]

1. d4 Nf6 2. c4 e6 3. Nc3 Bb4 4. e3 0-0 5. Bd2 d5 6. Nf3 c5 7. a3 Bxc3 8. Bxc3 Ne4 9. Rc1 Nxc3 10. Rxc3 cxd4 11. Nxd4 dxc4 12. Bxc4 e5 13. Nf3 Qxd1+ 14. Kxd1 Bg4 15. Kc1 Bxf3 16. gxf3 Nc6 17. Bd5 Rac8 18. Bxc6 bxc6 19. Rd1 Rc7 20. Rc5 f6 21. b4 Rb8 22. Kb2 Kf7 23. Rdc1 Rb6 24. Kb3 Ke7 25. a4 Kd6 26. Rd1+ Ke7 27. Kc4 Rd7 28. Rxd7+ Kxd7 29. Ra5 a6 30. f4 exf4 31. exf4 g6 32. h4 Kc7 33. f5 Kb7 34. fxg6 hxg6 35. f4 Ka7 36. f5 g5 37. hxg5 fxg5 38. Re5 Rb7 39. f6 Rc7 40. Re7 1-0

[Event "GER-ch blitz"]
[Site "Magdeburg"]
[Date "2022.08.21"]
[Round "25"]
[White "Dubansky, Marcel"]
[Black "Scheftlein, Richard"]
[Result "1/2-1/2"]
[WhiteElo "2225"]
[BlackElo "2279"]
[PlyCount "146"]
[EventDate "2022.08.21"]
[EventType "tourn (blitz)"]
[EventRounds "29"]
[EventCountry "GER"]
[EventCategory "5"]
[SourceTitle "CBM 210 Extra"]
[Source "ChessBase"]
[SourceDate "2022.11.30"]
[SourceVersion "1"]
[SourceVersionDate "2022.11.30"]
[SourceQuality "1"]

1. e4 c6 2. d4 d5 3. e5 Bf5 4. Nf3 e6 5. Nbd2 c5 6. c3 Nc6 7. Nb3 cxd4 8. cxd4 Qb6 9. Bd2 Nb4 10. Rc1 Nxa2 11. Rc5 Bxc5 12. Nxc5 Nb4 13. Qa4+ Nc6 14. Bb5 Nge7 15. Ba5 0-0 16. Bxb6 axb6 17. Na6 bxa6 18. Bxc6 b5 19. Qa3 Nxc6 20. 0-0 Be4 21. Nd2 Nxd4 22. Nxe4 dxe4 23. Qe3 Nf5 24. Qxe4 Rad8 25. Qc6 Rd2 26. b4 Ra2 27. Qc5 h5 28. h3 Ra3 29. Rd1 h4 30. Rd7 Ra4 31. Ra7 Rd8 32. Qc7 Rf8 33. Kh2 Rxb4 34. Rxa6 Rf4 35. Kg1 b4 36. Rb6 Rd4 37. Qc5 Rd1+ 38. Kh2 Rd5 39. Qxb4 Rd4 40. Qc5 Rd5 41. Qb4 Rd4 42. Qb2 Rd5 43. Rb8 Rxb8 44. Qxb8+ Kh7 45. Qb2 Rd4 46. Qc2 Kg8 47. Qb2 Rd5 48. g4 hxg3+ 49. fxg3 Ne7 50. Qb8+ Kh7 51. Qe8 Ng6 52. Qxf7 Rxe5 53. h4 Nh8 54. Qf4 Rf5 55. Qe4 Ng6 56. Qxe6 Rf6 57. Qe4 Kg8 58. Kh3 Nf8 59. Qd5+ Kh7 60. h5 Ne6 61. Qe4+ Kg8 62. Qe5 Nf8 63. g4 Nh7 64. g5 Nxg5+ 65. Qxg5 Rh6 66. Kg4 Rf6 67. Qd5+ Kh7 68. Kg5 Kh8 69. Qe4 Kg8 70. Qe8+ Kh7 71. Qe5 Kg8 72. Qe4 Kh8 73. Qe5 Kg8 1/2-1/2

[Event "GER-ch blitz"]
[Site "Magdeburg"]
[Date "2022.08.21"]
[Round "23"]
[White "Gauglitz, Gernot"]
[Black "Scheftlein, Richard"]
[Result "0-1"]
[WhiteElo "2371"]
[BlackElo "2279"]
[PlyCount "63"]
[EventDate "2022.08.21"]
[EventType "tourn (blitz)"]
[EventRounds "29"]
[EventCountry "GER"]
[EventCategory "5"]
[SourceTitle "CBM 210 Extra"]
[Source "ChessBase"]
[SourceDate "2022.11.30"]
[SourceVersion "1"]
[SourceVersionDate "2022.11.30"]
[SourceQuality "1"]

1. d4 Nf6 2. Nf3 d5 3. c4 e6 4. Nc3 Bb4 5. e3 0-0 6. Bd2 c5 7. a3 Bxc3 8. Bxc3 Ne4 9. Qc2 Nxc3 10. Qxc3 cxd4 11. Nxd4 dxc4 12. Bxc4 Qe7 13. 0-0 b6 14. Rac1 Bb7 15. Bb5 a6 16. Be2 Nd7 17. Qc7 Rab8 18. Nc6 Bxc6 19. Rxc6 Qd8 20. Bxa6 Nc5 21. Bb5 Qxc7 22. Rxc7 Rfd8 23. b4 Ne4 24. Rfc1 g6 25. f3 Nd6 26. Ba6 Nf5 27. e4 Nd4 28. Kf2 b5 29. Rd1 Ra8 30. Rc8 Rdxc8 31. Bxc8 e5 32. Ke1 0-1

[Event "GER-ch blitz"]
[Site "Magdeburg"]
[Date "2022.08.21"]
[Round "22"]
[White "Scheftlein, Richard"]
[Black "Barzen, Pascal"]
[Result "1/2-1/2"]
[WhiteElo "2279"]
[BlackElo "2342"]
[PlyCount "57"]
[EventDate "2022.08.21"]
[EventType "tourn (blitz)"]
[EventRounds "29"]
[EventCountry "GER"]
[EventCategory "5"]
[SourceTitle "CBM 210 Extra"]
[Source "ChessBase"]
[SourceDate "2022.11.30"]
[SourceVersion "1"]
[SourceVersionDate "2022.11.30"]
[SourceQuality "1"]

1. d4 Nf6 2. c4 e6 3. Nc3 Bb4 4. Qc2 Nc6 5. Nf3 d6 6. Bd2 0-0 7. a3 Bxc3 8. Bxc3 Qe7 9. e3 e5 10. dxe5 dxe5 11. Be2 Bg4 12. 0-0 Rfe8 13. Rfd1 Bh5 14. b4 Bg6 15. Qb2 Ne4 16. b5 Nxc3 17. Qxc3 Nb8 18. c5 Nd7 19. c6 bxc6 20. Qxc6 Nb6 21. a4 Bc2 22. Rdc1 Bxa4 23. Qxc7 Qxc7 24. Rxc7 f6 25. h4 Rec8 26. Rb7 Rcb8 27. Rc7 Rc8 28. Rb7 Rcb8 29. Rc7 1/2-1/2

[Event "GER-ch blitz"]
[Site "Magdeburg"]
[Date "2022.08.21"]
[Round "24"]
[White "Scheftlein, Richard"]
[Black "Bethke, Richard"]
[Result "1/2-1/2"]
[WhiteElo "2279"]
[BlackElo "2381"]
[PlyCount "60"]
[EventDate "2022.08.21"]
[EventType "tourn (blitz)"]
[EventRounds "29"]
[EventCountry "GER"]
[EventCategory "5"]
[SourceTitle "CBM 210 Extra"]
[Source "ChessBase"]
[SourceDate "2022.11.30"]
[SourceVersion "1"]
[SourceVersionDate "2022.11.30"]
[SourceQuality "1"]

1. d4 f5 2. Nf3 Nf6 3. c4 e6 4. Nc3 d5 5. Bf4 c6 6. e3 Be7 7. Bd3 Nbd7 8. cxd5 Nxd5 9. Nxd5 cxd5 10. 0-0 0-0 11. Rc1 Nf6 12. Qb3 Ne4 13. Bxe4 fxe4 14. Ne5 Bd6 15. Rc3 a5 16. a4 b6 17. Nc6 Qd7 18. Bxd6 Qxd6 19. Ne5 Ba6 20. Rfc1 Rab8 21. Rc6 Qe7 22. Rxb6 Qf6 23. f4 exf3 24. Nxf3 Rxb6 25. Qxb6 Be2 26. Rc2 Bxf3 27. Rf2 Qg6 28. Qd6 Qb1+ 29. Rf1 Qg6 30. Rf2 Qb1+ 1/2-1/2

[Event "GER-ch blitz"]
[Site "Magdeburg"]
[Date "2022.08.21"]
[Round "7"]
[White "Scheftlein, Richard"]
[Black "Frischmann, Rick"]
[Result "1/2-1/2"]
[WhiteElo "2279"]
[BlackElo "2369"]
[PlyCount "111"]
[EventDate "2022.08.21"]
[EventType "tourn (blitz)"]
[EventRounds "29"]
[EventCountry "GER"]
[EventCategory "5"]
[SourceTitle "CBM 210 Extra"]
[Source "ChessBase"]
[SourceDate "2022.11.30"]
[SourceVersion "1"]
[SourceVersionDate "2022.11.30"]
[SourceQuality "1"]

1. d4 d5 2. c4 Nc6 3. Nc3 Nf6 4. Nf3 dxc4 5. Bg5 h6 6. Bh4 a6 7. d5 Na5 8. e4 c6 9. dxc6 Qxd1+ 10. Rxd1 b5 11. Ne5 e6 12. c7 Nd7 13. Be2 Be7 14. Nxd7 Bxd7 15. Bg3 Nc6 16. 0-0 Rc8 17. Rd2 e5 18. Nd5 Bc5 19. Rfd1 Be6 20. a4 f6 21. axb5 axb5 22. Nc3 Nd4 23. Rxd4 Bxd4 24. Nxb5 Bc5 25. Kf1 Ke7 26. f4 Bd7 27. Bxc4 Bxb5 28. Bxb5 Rxc7 29. fxe5 Rb7 30. exf6+ gxf6 31. Ba4 Rd8 32. Rxd8 Kxd8 33. Bf4 h5 34. b3 Rb4 35. Bc6 Rxb3 36. Bd5 Rb2 37. Bg3 Ke7 38. h3 Rc2 39. h4 Bd6 40. Bf2 Be5 41. Be3 Bg3 42. Bd4 Bxh4 43. Be3 Bg5 44. Bd4 h4 45. Kg1 Bf4 46. Bb6 Bd6 47. Kf1 Bc5 48. Ba5 Kd6 49. Be1 Rc1 50. Ke2 Rc2+ 51. Kf3 h3 52. gxh3 Bd4 53. h4 Be5 54. Bf2 Ke7 55. Be1 Kf8 56. Bg3 1/2-1/2

[Event "GER-ch blitz"]
[Site "Magdeburg"]
[Date "2022.08.21"]
[Round "10"]
[White "Scheftlein, Richard"]
[Black "Krause, Benedict"]
[Result "1/2-1/2"]
[WhiteElo "2279"]
[BlackElo "2478"]
[PlyCount "47"]
[EventDate "2022.08.21"]
[EventType "tourn (blitz)"]
[EventRounds "29"]
[EventCountry "GER"]
[EventCategory "5"]
[SourceTitle "CBM 210 Extra"]
[Source "ChessBase"]
[SourceDate "2022.11.30"]
[SourceVersion "1"]
[SourceVersionDate "2022.11.30"]
[SourceQuality "1"]

1. d4 Nf6 2. c4 g6 3. Nc3 d5 4. Nf3 Bg7 5. e3 0-0 6. Qb3 e6 7. Bd2 c6 8. Bd3 a5 9. a4 Na6 10. 0-0 Nb4 11. Be2 b6 12. Na2 Nxa2 13. Qxa2 Ba6 14. Rfd1 Ne4 15. Be1 Qd6 16. Rac1 Rfc8 17. b3 Bb7 18. cxd5 cxd5 19. Qb2 Bf8 20. Rxc8 Rxc8 21. Rc1 Rxc1 22. Qxc1 Qc6 23. Qxc6 Bxc6 24. Ne5 1/2-1/2

[Event "BL2-Ost 2122"]
[Site "Germany"]
[Date "2022.07.02"]
[Round "9.8"]
[White "Linhart, Wolfgang"]
[Black "Scheftlein, Richard"]
[Result "0-1"]
[WhiteElo "2129"]
[BlackElo "2268"]
[PlyCount "110"]
[EventDate "2022.03.05"]
[EventType "team-tourn"]
[EventRounds "10"]
[EventCountry "GER"]
[SourceTitle "EXT 2023"]
[Source "ChessBase"]
[SourceDate "2022.10.05"]
[SourceVersion "1"]
[SourceVersionDate "2022.10.05"]
[SourceQuality "1"]
[WhiteTeam "Passau"]
[BlackTeam "Erfurt"]
[WhiteTeamCountry "GER"]
[BlackTeamCountry "GER"]

1. d4 Nf6 2. Nf3 d5 3. e3 c5 4. c3 cxd4 5. exd4 Nc6 6. Bd3 Bg4 7. Nbd2 e6 8. h3 Bh5 9. 0-0 Bd6 10. Re1 Qc7 11. Qa4 0-0 12. Bb5 Rfc8 13. Bxc6 bxc6 14. Ne5 c5 15. Ndf3 cxd4 16. Qxd4 Ne4 17. Be3 Rab8 18. g4 Bg6 19. Nxg6 hxg6 20. Rab1 Bc5 21. Qd3 Bxe3 22. Qxe3 Rb6 23. Nd2 Nxd2 24. Qxd2 Qc4 25. Ra1 Ra6 26. Qe2 Qc6 27. Qd3 Rb6 28. Re2 Qa4 29. Rd2 Rcb8 30. Qe2 a5 31. Kg2 Qc6 32. f3 Qc5 33. Qf2 a4 34. Rc2 g5 35. a3 d4 36. cxd4 Qxc2 37. Qxc2 Rxb2 38. Rc1 Kf8 39. Kf2 Rxc2+ 40. Rxc2 Rb3 41. Ra2 Ke7 42. Rc2 Kd6 43. Rc5 f6 44. Ra5 Rxa3 45. Kg2 Kc6 46. Kf2 Kb6 47. Ra8 Kb5 48. Rb8+ Kc4 49. Rb6 Rd3 50. Rxe6 a3 51. Ra6 Kb3 52. Rb6+ Kc2 53. Ra6 Kb2 54. d5 a2 55. Ke2 Ra3 0-1

[Event "BL2-Ost 2122"]
[Site "Germany"]
[Date "2022.06.19"]
[Round "8.7"]
[White "Scheftlein, Richard"]
[Black "Proehl, Holger"]
[Result "1/2-1/2"]
[WhiteElo "2268"]
[BlackElo "2332"]
[PlyCount "83"]
[EventDate "2022.03.05"]
[EventType "team-tourn"]
[EventRounds "10"]
[EventCountry "GER"]
[SourceTitle "EXT 2023"]
[Source "ChessBase"]
[SourceDate "2022.10.05"]
[SourceVersion "1"]
[SourceVersionDate "2022.10.05"]
[SourceQuality "1"]
[WhiteTeam "Erfurt"]
[BlackTeam "Loeberitz"]
[WhiteTeamCountry "GER"]
[BlackTeamCountry "GER"]

1. d4 Nf6 2. c4 e6 3. Nc3 b6 4. e4 Bb4 5. Bd3 Bb7 6. Qc2 c5 7. d5 d6 8. Nf3 Nbd7 9. 0-0 a6 10. a3 Bxc3 11. Qxc3 0-0 12. Re1 Re8 13. Bf4 e5 14. Bd2 h6 15. b4 a5 16. bxa5 Rxa5 17. Reb1 Ra6 18. a4 Qc7 19. a5 Rea8 20. Qb2 Bc8 21. axb6 Nxb6 22. Rxa6 Rxa6 23. Qb5 Qb7 24. h3 Bd7 25. Qb2 Qa7 26. Be3 Nc8 27. Qb8 Qxb8 28. Rxb8 Kf8 29. Bxc5 dxc5 30. Nxe5 Ke7 31. Nxd7 Kxd7 32. Rb7+ Ke8 33. Rc7 Nb6 34. e5 Nfd7 35. f4 Kd8 36. Rc6 Ra5 37. Be2 Ra2 38. Kf1 Rc2 39. e6 Nxc4 40. Bxc4 Rxc4 41. Rd6 fxe6 42. dxe6 1/2-1/2

[Event "GER-ch Blitz"]
[Site "Magdeburg"]
[Date "2021.08.01"]
[Round "4"]
[White "Burian, Simon"]
[Black "Scheftlein, Richard"]
[Result "1-0"]
[WhiteElo "2143"]
[BlackElo "2243"]
[PlyCount "111"]
[EventDate "2021.08.01"]
[EventType "tourn (blitz)"]
[EventRounds "29"]
[EventCountry "GER"]
[EventCategory "5"]
[SourceTitle "CBM 203 Extra"]
[Source "ChessBase"]
[SourceDate "2021.09.30"]
[SourceVersion "1"]
[SourceVersionDate "2021.09.30"]
[SourceQuality "1"]

1. e4 c6 2. d4 d5 3. Nd2 dxe4 4. Nxe4 Nd7 5. Ng5 Nb6 6. N1f3 g6 7. c3 Bg7 8. Bd3 Nh6 9. 0-0 0-0 10. Bf4 Nf5 11. Re1 Nd5 12. Bd2 Qc7 13. g3 c5 14. Qb3 e6 15. c4 Nb6 16. Bf4 Qe7 17. dxc5 Qxc5 18. Ne4 Qc6 19. Ne5 Qa4 20. g4 Qxb3 21. axb3 Nd4 22. Kg2 f6 23. Nf3 Nxb3 24. Ra3 e5 25. Be3 Nd4 26. Nxd4 exd4 27. Bxd4 Bxg4 28. Nc5 Rad8 29. Be3 Bc8 30. Rxa7 Rfe8 31. Be2 Bf8 32. b4 Re7 33. Rc1 Nd7 34. Bf3 Ne5 35. Bd5+ Kh8 36. Nxb7 Rxd5 37. cxd5 Bxb7 38. Ra5 Rd7 39. Rd1 Kg7 40. Rb5 Kf7 41. f4 Bd6 42. fxe5 Bxe5 43. Kf3 Ke7 44. Bf4 Bxf4 45. Kxf4 Kd6 46. Rb6+ Ke7 47. Ke4 Kf7 48. Rb5 Ke7 49. Kd4 Kd6 50. Rb6+ Ke7 51. Kc5 Rc7+ 52. Kb5 Rd7 53. d6+ Kf7 54. Kc5 Ke6 55. Re1+ Kf7 56. Re7+ 1-0

[Event "GER-ch Blitz"]
[Site "Magdeburg"]
[Date "2021.08.01"]
[Round "25"]
[White "Commercon, Simon"]
[Black "Scheftlein, Richard"]
[Result "1/2-1/2"]
[WhiteElo "2204"]
[BlackElo "2243"]
[PlyCount "86"]
[EventDate "2021.08.01"]
[EventType "tourn (blitz)"]
[EventRounds "29"]
[EventCountry "GER"]
[EventCategory "5"]
[SourceTitle "CBM 203 Extra"]
[Source "ChessBase"]
[SourceDate "2021.09.30"]
[SourceVersion "1"]
[SourceVersionDate "2021.09.30"]
[SourceQuality "1"]

1. d4 Nf6 2. Bg5 e6 3. e4 h6 4. Bxf6 Qxf6 5. c3 d5 6. Nd2 c5 7. Ngf3 Nc6 8. Bb5 cxd4 9. Nxd4 Bd7 10. exd5 exd5 11. Qe2+ Be7 12. 0-0 0-0 13. N2f3 Rfe8 14. Rfe1 Bc5 15. Qd3 Nxd4 16. Bxd7 Nxf3+ 17. Qxf3 Qxf3 18. gxf3 Red8 19. Bf5 g6 20. Bc2 d4 21. Rad1 dxc3 22. bxc3 Rac8 23. Bb3 Kf8 24. Kg2 Bb6 25. Rxd8+ Rxd8 26. Rd1 Rxd1 27. Bxd1 Ke7 28. f4 Bc5 29. Kf3 b6 30. Bb3 f5 31. Bd5 Bd6 32. h3 Kf6 33. Bb3 Bc5 34. Bd5 a5 35. Bb3 g5 36. fxg5+ hxg5 37. Bc2 Ke5 38. Bd3 Ba3 39. c4 Bc5 40. Bb1 Kd4 41. Bxf5 Kxc4 42. a4 b5 43. axb5 Kxb5 1/2-1/2

[Event "GER-ch Blitz"]
[Site "Magdeburg"]
[Date "2021.08.01"]
[Round "29"]
[White "Hirneise, Jens"]
[Black "Scheftlein, Richard"]
[Result "1-0"]
[WhiteElo "2289"]
[BlackElo "2243"]
[PlyCount "79"]
[EventDate "2021.08.01"]
[EventType "tourn (blitz)"]
[EventRounds "29"]
[EventCountry "GER"]
[EventCategory "5"]
[SourceTitle "CBM 203 Extra"]
[Source "ChessBase"]
[SourceDate "2021.09.30"]
[SourceVersion "1"]
[SourceVersionDate "2021.09.30"]
[SourceQuality "1"]

1. e4 c6 2. d4 d5 3. exd5 cxd5 4. c4 Nf6 5. Nc3 e6 6. Nf3 Bb4 7. cxd5 Nxd5 8. Bd2 Nc6 9. Bd3 0-0 10. 0-0 Be7 11. a3 Nxc3 12. bxc3 b6 13. Qe2 Bb7 14. Qe4 g6 15. Rfe1 Bf6 16. Bh6 Re8 17. Qf4 Bg7 18. Bxg7 Kxg7 19. h4 Qf6 20. Qg3 Rad8 21. Bb5 Re7 22. Bxc6 Bxc6 23. Ne5 Be8 24. h5 Qf5 25. h6+ Kg8 26. Ng4 f6 27. Re3 Bc6 28. Rae1 Kf7 29. a4 Rde8 30. Qd6 Qd5 31. Qg3 Qf5 32. c4 Ba8 33. Rf1 Bb7 34. d5 e5 35. Rf3 Qg5 36. Nxf6 Qxg3 37. fxg3 Rc8 38. Nxh7+ Kg8 39. Ng5 Rxc4 40. Rf8# 1-0

[Event "GER-ch Blitz"]
[Site "Magdeburg"]
[Date "2021.08.01"]
[Round "10"]
[White "Langrock, Hannes"]
[Black "Scheftlein, Richard"]
[Result "1-0"]
[WhiteElo "2352"]
[BlackElo "2243"]
[PlyCount "87"]
[EventDate "2021.08.01"]
[EventType "tourn (blitz)"]
[EventRounds "29"]
[EventCountry "GER"]
[EventCategory "5"]
[SourceTitle "CBM 203 Extra"]
[Source "ChessBase"]
[SourceDate "2021.09.30"]
[SourceVersion "1"]
[SourceVersionDate "2021.09.30"]
[SourceQuality "1"]

1. d4 Nf6 2. c4 e6 3. g3 d5 4. Nf3 Be7 5. Bg2 0-0 6. 0-0 dxc4 7. Qa4 a6 8. Qxc4 b5 9. Qc2 Bb7 10. Bd2 Be4 11. Qc1 c6 12. Rd1 Nbd7 13. Nc3 Bg6 14. a3 c5 15. Ne5 Rc8 16. Nc6 Qe8 17. d5 exd5 18. Nxd5 Nxd5 19. Bxd5 Bf6 20. Na5 Qxe2 21. Bc3 Bxc3 22. Qxc3 Nf6 23. Bf3 Qc2 24. Qxc2 Bxc2 25. Rd6 Be4 26. Rxf6 gxf6 27. Bxe4 c4 28. Nc6 Rfe8 29. Bf3 Re6 30. Nb4 Rd8 31. Nd5 Red6 32. Rd1 Kg7 33. Kf1 a5 34. Ne3 Rxd1+ 35. Bxd1 Rd2 36. a4 bxa4 37. Bxa4 Rxb2 38. Ke1 c3 39. Nc2 Rb1+ 40. Ke2 Kg6 41. Kd3 Rh1 42. h4 Kf5 43. Kxc3 Ke4 44. Bc6+ 1-0

[Event "GER-ch Blitz"]
[Site "Magdeburg"]
[Date "2021.08.01"]
[Round "15"]
[White "Reichmann, Hendrik"]
[Black "Scheftlein, Richard"]
[Result "1-0"]
[WhiteElo "2348"]
[BlackElo "2243"]
[PlyCount "79"]
[EventDate "2021.08.01"]
[EventType "tourn (blitz)"]
[EventRounds "29"]
[EventCountry "GER"]
[EventCategory "5"]
[SourceTitle "CBM 203 Extra"]
[Source "ChessBase"]
[SourceDate "2021.09.30"]
[SourceVersion "1"]
[SourceVersionDate "2021.09.30"]
[SourceQuality "1"]

1. d4 Nf6 2. Bf4 e6 3. e3 c5 4. c3 Be7 5. Nd2 0-0 6. Bd3 b6 7. Ngf3 Ba6 8. Bxa6 Nxa6 9. Qe2 Nb8 10. h3 d5 11. Ne5 Nfd7 12. Nef3 Nc6 13. 0-0 Qc8 14. Rfe1 Qb7 15. Rad1 Rfd8 16. a3 b5 17. e4 dxe4 18. Nxe4 cxd4 19. Nxd4 Nxd4 20. Rxd4 e5 21. Rxd7 Qxd7 22. Bxe5 Rac8 23. Bd4 Re8 24. Qf3 a6 25. Rd1 Rcd8 26. Rf1 Qe6 27. Ng3 Bf6 28. Nf5 Bxd4 29. Nxd4 Qe4 30. Qh5 g6 31. Qc5 Qd5 32. Qb6 Rd6 33. Qc7 Rd7 34. Qb6 Qd6 35. Qa5 Rde7 36. a4 bxa4 37. Qxa4 Re1 38. g3 Qd5 39. Qxa6 R8e2 40. Nxe2 1-0